Loading...
| Any History | 11 | 19.09 | 100% | 82% | 9% |
| Current Events | 4 | 27.50 | 100% | 100% | 75% |
| Fine Arts - Classical Music | 9 | 20.00 | 100% | 78% | 22% |
| Fine Arts - Other | 12 | 17.50 | 100% | 50% | 25% |
| Geography | 4 | 17.50 | 100% | 75% | 0% |
| History - American | 8 | 16.25 | 88% | 63% | 13% |
| History - European | 11 | 14.55 | 91% | 36% | 18% |
| History - World | 7 | 15.71 | 100% | 43% | 14% |
| Literature - American | 8 | 18.75 | 100% | 88% | 0% |
| Literature - British | 10 | 16.00 | 100% | 50% | 10% |
| Literature - European | 9 | 18.89 | 100% | 89% | 0% |
| Literature - World | 10 | 19.00 | 100% | 80% | 10% |
| Mythology | 7 | 14.29 | 100% | 43% | 0% |
| Other Academic | 6 | 21.67 | 100% | 100% | 17% |
| Painting & Sculpture | 7 | 15.71 | 86% | 29% | 43% |
| Philosophy | 10 | 15.00 | 100% | 50% | 0% |
| Religion | 10 | 19.00 | 100% | 70% | 20% |
| Science - Biology | 12 | 13.33 | 100% | 33% | 0% |
| Science - Chemistry | 10 | 13.00 | 80% | 50% | 0% |
| Science - Other | 7 | 12.86 | 100% | 29% | 0% |
| Science - Physics | 9 | 15.56 | 100% | 44% | 11% |
| Social Science | 8 | 15.00 | 100% | 38% | 13% |